000 02142cam a22004814i 4500
003 PE-LiUPU
005 20250731173443.0
008 150616s r 000 0 d
035 _a(Sirsi) a5812
040 _aPE-LiUPU
_bspa
_cPE-LiUPU
_erda
049 _aPRUA
082 0 4 _a235.2
_bM26
_221
100 1 _aAgustín, Santo,
_d354-430,
_eautor.
245 1 0 _aObras de San Agustin.XVIII /
_c[San Agustín] ; edición preparada por el Padre Balbino Martín Pérez.
264 1 _aMadrid :
_bBiblioteca de Autores Cristianos,
_c1959.
300 _a513 páginas ;
_c19 cm.
336 _atext
_2rdacontent
337 _aunmediated
_2rdamedia
338 _avolume
_2rdacarrier
505 0 _aLo que escribe San Juan: lo que era desde el principio, lo que oímos y lo que vimos, etc.; hasta donde dice: Porque las tinieblas cegaron sus ojos.- Desde el versillo: os escribo hijitos, porque os han sido perdonados los pecados por su nombre, hasta: quien hace la voluntad de Dios permanece eternamente, como el permanente por los siglos de los siglos.- Sobre lo que sigue: si nos amamos mutuamente, Dios mora en nosotros, hasta donde dice Dios es amor y quien permanece en el amor, permanece en Dios, y Dios en el.
526 _aSEG42
526 _aSEG41
526 _aSEG40
526 _aSEG39
526 _aP94
526 _aP87
526 _aP86
526 _aP85
526 _aP77
526 _aP76
526 _aP35
630 _aBiblia.
_pN.T.
_xComentarios.
700 1 _aMartín Pérez, Balbino,
_eeditor.
700 1 _aGutiérrez García, José Luis1923-,
_etraductor.
700 1 _aGutierrez Garcia, José Luis.
910 _ajck
_bjvq
_cjck
942 _2ddc
_cBOOK
949 _a235.2 M26 XVIII
_wDEWEY
_c1
_i39237
_lCCODEBUL1
_mBUL
_p00.00
_r0
_sY
_tBOOK
_u19951009
_xTEOLOGIA
_zUNKNOWN
_0COMPRA
_o.STAFF. Colección General
994 _aC0
_bPEPRU
596 _a1
999 _a235.2 M26 XVIII
_wDEWEY
_c56880
_i39237
_f2021-11-10
_g5
_lCCODEBUL1
_mBUL
_r0
_sY
_tBOOK
_u2015-6-16
_xTEOLOGIA
_zUNKNOWN
_0COMPRA
_o.STAFF. Colección General
_d56880
980 _81
_gALBERTO SANCHEZ Responsable de Automatización